Statistics for Jetpunk Countries of the World with 4 or fewer letters

Click here to take the quiz!

General Stats

  • This quiz has been taken 67 times
    (18 since last reset)
  • The average score is 12 of 22

Answer Stats

Answer % Correct
Mali
93%
Chad
93%
United Arab Emirates
79%
Peru
79%
Iraq
71%
United Kingdom
71%
Togo
71%
Oman
71%
United States of America
71%
Iran
71%
Fiji
64%
Democratic Republic of the Congo
64%
Cuba
57%
Laos
50%
Central African Republic
50%
Papua New Guinea
43%
Federated States of Micronesia
36%
Taiwan
36%
China
36%
Ghana
14%
South Korea
14%
North Korea
7%

Score Distribution

Percentile by Number Answered

Percent of People with Each Score

Your Score History

You have not taken this quiz since the last reset